| 000 | 00849nam a2200229Ia 4500 | ||
|---|---|---|---|
| 003 | GCL | ||
| 008 | 140319s9999 xx 000 0 ara d | ||
| 020 | _a3621301977 | ||
| 040 |
_aGCL / _cGCL |
||
| 082 | 0 | 4 |
_aق _b910.962 _bع ك |
| 100 | 1 | _aعبدالعليم خلاف | |
| 245 | 1 | 0 |
_aكشوف مصر الافريقية فى عهد الخديوى اسماعيل ( 1863 - 1879 ) / _cعبدالعليم خلاف |
| 260 |
_aالقاهرة : _bالهيئة المصرية العامة للكتاب ، _c1999 |
||
| 300 |
_a242 ص ؛ _c22 سم |
||
| 490 |
_aتاريخ المصريين _v144 |
||
| 650 | 0 | 4 | _aالكشوف الجغرافية |
| 650 | 0 | 4 | _aمصر - وصف ورحلات |
| 650 | 0 | 4 | _aالجغرافيا - تاريخ |
| 650 | 0 | 4 | _aافريقيا - وصف ورحلات |
| 650 | 0 | 4 | _aالمناطق الساحلية |
| 942 |
_2ddc _cBK |
||
| 999 |
_c44659 _d44659 |
||